Aby náš vnútorný motor neskapal

Motivácia peniazmi iba do istej miery. Dobrý šéf - lepšia motivácia ako čokoľvek iné. Určenie cieľa, motivácia a pevná vôľa. Zmena postoja a následne sa zmení aj správanie. Tri faktory, ktoré nás skutočne motivujú.

Enregistré dans:
Détails bibliographiques
Auteur principal: Bukerová, Vladimíra
Format: Chapitre de livre
Langue:slovaque
Sujets:
Tags: Ajouter un tag
Pas de tags, Soyez le premier à ajouter un tag!

MARC

LEADER 00000naa a2200000 4500
001 0207055
005 20231113083612.5
041 0 |a slo 
044 |a SK 
245 1 0 |a Aby náš vnútorný motor neskapal  |c Vladimíra Bukerová 
520 |a Motivácia peniazmi iba do istej miery. Dobrý šéf - lepšia motivácia ako čokoľvek iné. Určenie cieľa, motivácia a pevná vôľa. Zmena postoja a následne sa zmení aj správanie. Tri faktory, ktoré nás skutočne motivujú. 
610 2 0 |a motivácia pracovná 
610 2 0 |a peniaze 
610 2 0 |a zodpovednosť 
610 2 0 |a pracovníci 
610 2 0 |a manažéri 
100 1 |a Bukerová, Vladimíra